000 00459cam a2200181ua 4500
020 _c4.00
041 _ahin
_h
082 _a891.54
_bKAK/KU
100 _aKakasaheb, Kalelkar.
245 _aKumari premabahan kandakke nam /
_cKakasaheb Kalelkar.
_hTextual Documents
250 _a1 /
_b.
260 _aAhmadabad :
_bNavajivan publishing house ,
_c1961.
300 _a414 ; .
365 _a4.00
504 _a
942 _cBK
999 _c8021
_d8021